| 000 | 00494nam a2200193Ia 4500 | ||
|---|---|---|---|
| 005 | 20240409133204.0 | ||
| 008 | 131103s9999 xx 000 0 und d | ||
| 040 | _aLoreto College | ||
| 041 | _aEnglish | ||
| 082 |
_a370.1 _bCAS |
||
| 100 | _aCastle, E.B. | ||
| 245 |
_aPrinciples of Education for Teachers in India _cE.B.Castle |
||
| 260 |
_aLondon _bOxford University _c1969 |
||
| 300 | _a223p. | ||
| 504 | _aIncludes index | ||
| 650 | _aEducation | ||
| 850 | _aLCLIB | ||
| 942 | _cBK | ||
| 999 |
_c26347 _d76826 |
||